แสดงรายละเอียดบรรณานุกรม
  กลับหน้าหลัก

Brief Record : Get Marc (ISO 2709) : E-mail record : QR code ปิดหน้าต่าง
E-books : เกี่ยวกับ Collections
LEADER 00000nam 2200000uu 4500
001    213866
003     ULIBM
008    230902s||||||||th 000 0 tha d
020    ^a9786164459854
041    ^atha
050  4 ^aHG8051^bฐ361 2560
100 0  ^aฐิติวดี ชัยวัฒน์
245 10 ^aการบริหารความเสี่ยงภัยและการประกันภัยในศตวรรษที่ 21 /^cฐิติวดี ชัยวัฒน์
250    ^aพิมพ์ครั้งที่ 3
260    ^aกรุงเทพฯ :^bโรงพิมพ์แห่งจุฬาลงกรณ์มหาวิทยาลัย,^c2560, [2017]
300    ^a274 หน้า :^bภาพประกอบ ;^c21 ซม.
650  4 ^aประกันภัย
650  4 ^aความเสี่ยง
710 2  ^aจุฬาลงกรณ์มหาวิทยาลัย.^bคณะพาณิชยศาสตร์และการบัญชี
999    ^aใช้งานได้ทุกระบบ
รายการนี้ยังไม่มีแท็ก
คุณยังไม่ได้ล็อกอิน คุณสามารถมีกิจกรรมร่วมกับเว็บไซต์ได้ แต่ต้องล็อกอินก่อน ::
  ล็อกอิน
ลำดับที่ ประเภท เลขเรียก สถานที่ สถานะ
1. หนังสือทั่วไป
หนังสือทั่วไป
HG8051 ฐ361 2560 ฉ.1 
  
การบริหารและพัฒนาวิชาชีพ On Shelf
  ขอยืม
Note:จัดซื้อปีงบประมาณ 2564
2. หนังสือทั่วไป
หนังสือทั่วไป
HG8051 ฐ361 2560 ฉ.2 
  
การบริหารและพัฒนาวิชาชีพ On Shelf
  ขอยืม
Note:จัดซื้อปีงบประมาณ 2564
   [แสดง 2/2 รายการ]

รายการใกล้เคียง
    หัวเรื่อง [ความเสี่ยง]

BibComment


ยังไม่เคยถูกคอมเมนท์

คอมเมนท์ทรัพยากรรายการนี้
  คอมเมนท์: การบริหารความเสี..
Bib 213866

 
 
 

 Union Library Management : ULibM
Copyright 2026. All Rights Reserved.
скачать бесплатно без регистрации порно красивый секс HD Sex Hindi sex

xxx gou

xxxx

bfxxx

xxxwww

Секса Видео

xxxx

Секса Видео

detube

geilexxx

C99 Shell

worms shell

blod xxx video
Ebony Coed Rihanna Rimes Takes A Dick In Her Young Twat priyaa indian fuck anal and pusssy hardcore indian women xxx desi hardcore fucking part 1 bengalixxxcouple